000 00344nam a2200145Ia 4500
008 230917s9999||||xx |||||||||||||| ||und||
040 _e188224
_aMAIN
041 _aEnglish
082 _a587 S97T
100 _aSaxena, Pratibha
245 0 _aTextbook of pteridophyta
260 _aNew Delhi
_bWisdom
_c2012
300 _a295 p.
942 _cBK
999 _c158808
_d158808